The Cambridge encyclopedia of India, Pakistan, Bangladesh, Sri Lanka, Nepal, Bhutan, and the Maldives / (Record no. 14034)
[ view plain ]
| 000 -LEADER | |
|---|---|
| fixed length control field | 01094cam a2200337 a 4500 |
| 001 - CONTROL NUMBER | |
| JCCL Control Number | 14034 |
| 003 - CONTROL NUMBER IDENTIFIER | |
| JCCL marc code | BD-JhCC |
| 005 - DATE AND TIME OF LATEST TRANSACTION | |
| control field | 20240524093959.0 |
| 008 - FIXED-LENGTH DATA ELEMENTS--GENERAL INFORMATION | |
| fixed length control field | 881011s1989 enkabc e 001 0 eng |
| 020 ## - INTERNATIONAL STANDARD BOOK NUMBER | |
| International Standard Book Number | 0521334519 |
| 035 ## - SYSTEM CONTROL NUMBER | |
| system control number | (BD-JhCC)14034 |
| 035 ## - SYSTEM CONTROL NUMBER | |
| system control number | 173390 |
| 040 ## - CATALOGING SOURCE | |
| Original cataloging agency | LC |
| Transcribing agency | LC |
| Modifying agency | VIT |
| 041 ## - LANGUAGE CODE | |
| Language code of Book | eng |
| 050 #4 - LIBRARY OF CONGRESS CALL NUMBER | |
| Classification number | DS334.9 |
| Item number | .C36 1989 |
| 050 #4 - LIBRARY OF CONGRESS CALL NUMBER | |
| Classification number | DS334.9. |
| Item number | .C36 1989 |
| 082 04 - DEWEY DECIMAL CLASSIFICATION NUMBER | |
| Classification number | 954/.003 |
| DDC Edition number | 20 |
| 082 04 - DEWEY DECIMAL CLASSIFICATION NUMBER | |
| Classification number | 954.003 |
| DDC Edition number | 19 |
| Author mark and Year | ROB 1989 |
| 245 04 - TITLE STATEMENT | |
| Title | The Cambridge encyclopedia of India, Pakistan, Bangladesh, Sri Lanka, Nepal, Bhutan, and the Maldives / |
| Statement of responsibility, etc | editor, Francis Robinson. |
| 246 3# - VARYING FORM OF TITLE | |
| Title proper/short title | Cambridge encyclopedia of India |
| 260 ## - PUBLICATION, DISTRIBUTION, ETC. (IMPRINT) | |
| Place of publication, distribution, etc | Cambridge [England] ; |
| -- | New York : |
| Name of publisher, distributor, etc | Cambridge University Press, |
| Date of publication, distribution, etc | 1989. |
| 263 ## - PROJECTED PUBLICATION DATE | |
| Projected publication date | 8903 |
| 300 ## - PHYSICAL DESCRIPTION | |
| Pagination | 520 p. : |
| Other physical details | ill. (some col.), maps (some col.), ports. ; |
| Dimensions | 27 cm. |
| 500 ## - GENERAL NOTE | |
| General note | Includes index. |
| 504 ## - BIBLIOGRAPHY, ETC. NOTE | |
| Bibliography, etc | Includes bibliographical references. |
| 651 #0 - SUBJECT ADDED ENTRY--GEOGRAPHIC NAME | |
| Geographic name | South Asia |
| General subdivision | Encyclopedias. |
| 651 #0 - SUBJECT ADDED ENTRY--GEOGRAPHIC NAME | |
| Geographic name | India |
| General subdivision | Encyclopedias. |
| 651 #0 - SUBJECT ADDED ENTRY--GEOGRAPHIC NAME | |
| Geographic name | Pakistan |
| General subdivision | Encyclopedias. |
| 700 1# - ADDED ENTRY--PERSONAL NAME | |
| Personal name | Robinson, Francis. |
| 942 ## - ADDED ENTRY ELEMENTS (KOHA) | |
| Source of classification or shelving scheme | Dewey Decimal Classification |
| Koha item type | Books |
| Source of classification or shelving scheme | Damaged status | Not for loan | Home library | Current library | Shelving location | Date of accession | Total Checkouts | Full call number | Barcode | Date last seen | Copy number | Method of acquisition | Koha item type | Currency |
|---|---|---|---|---|---|---|---|---|---|---|---|---|---|---|
| Dewey Decimal Classification | JCC Rouf Library | JCC Rouf Library | General Stacks | 954.003 | 19428 | 05/24/2024 | C-1 | Purchase | Books | BDT |